00679nam a2200193Ia 4500008004100000020001800041082001500059100001900074245011300093250000700206260004500213300002600258500001900284600001500303650001500318942000700333952012800340999001700468240925s9999 xx 000 0 und d a9781593374976 a658.82 PET aPeters, Paula. 4aThe Ultimate Marketing Toolkit: ads that attracts customers, brouchers that create buzz, web sites that wow. aNA aLondon:bAdams Media Corporationc,2006. a1222p.bN.AfOriginal aIncludes Index aManagement aManagement cBK 001040708MANaUITUbUITUd2021-05-03eParamount Book Pvt Ltdl0o658.82 PETpQ15375r2024-09-25 07:17:41w2024-09-25yBK c17874d17874